| 000 | 00520nam a22002057a 4500 | ||
|---|---|---|---|
| 003 | OSt | ||
| 005 | 20140310181943.0 | ||
| 008 | 130724t xxu||||| |||| 00| 0 eng d | ||
| 020 | _a0140621202 | ||
| 050 |
_aPR 4556 _b.D548 1994 |
||
| 082 |
_aCLA D55b _b1994 |
||
| 100 |
_aDickens, Charles _93381 |
||
| 245 |
_aBleak house / _cCharles Dickens |
||
| 260 |
_aEngland : _bPenguin Books, _cc1994. |
||
| 300 |
_a808 p. _c18 cm. |
||
| 541 | _j1 | ||
| 562 | _e1 | ||
| 650 |
_aClassics _92808 |
||
| 942 |
_2lcc _cBBK _kCLA |
||
| 999 |
_c7730 _d7730 |
||